| 000 | 00558nam a2200205Ia 4500 | ||
|---|---|---|---|
| 005 | 20250923145524.0 | ||
| 008 | 008 250917s9999 xx 000 0 eng d | ||
| 037 | _aTextual | ||
| 040 |
_aDSWL _beng _cDSWL |
||
| 041 |
_aeng _2eng |
||
| 084 |
_aX:9x2, N80 _qDSWL |
||
| 245 | 0 |
_aReadings in Indian labour and social welfare _c Ed.by J.N.Mongia |
|
| 250 | _aIInd | ||
| 260 |
_aDelhi _bAtma Ram & Sons _c1980 |
||
| 300 | _axvii,872 p. | ||
| 365 |
_aINR _b90 |
||
| 925 | _g90 | ||
| 942 |
_cTEXL _hX:9x2, N80 |
||
| 999 |
_c1452391 _d1452391 |
||